000 00461cam a22001697a 4500
005 20250901165807.0
008 110930s2010 ke a 000 f swa
010 _a 2011348519
020 _a9781926906003
050 0 0 _aPL 8704 .M38 2010
100 1 _aMatundura, Bitugi.
245 1 0 _aKivuli cha Sakawa /
_cEnock Bitugi Matundura.
250 _aToleo la 1.
260 _a[Nairobi] :
_bNsemia,
_c2010.
300 _axiv, 94 p. :
_bill. ;
_c21 cm.
942 _2lcc
999 _c9320
_d9320